000
00345 a2200157 4500
001
74153
020
_a
97885912955-0-0
040
_c
Anchieta - Colégio São Paulo
100
_a
Alencar, Thereza Oldam
240
1
0
_a
Exu
_l
por
245
1
0
_a
Exu
300
_a
331
362
0
_a
2011
650
4
_a
Biografia, Genealogia, Insígnia
942
_c
BK
999
_c
74153
_d
74153